| LEADER | 01179nam a2200193 4500 | ||
|---|---|---|---|
| 082 | |a 515.076 |b D406M | ||
| 100 | |a Doãn Minh Cường | ||
| 245 | |a Luyện giải và ôn tập giải tích 12 |c Doãn Minh Cường chủ biên, Phạm Minh Phương | ||
| 260 | |a H.: |b Giáo dục, |c 2008.- | ||
| 300 | |a 291 tr.; |c 24 cm. | ||
| 520 | |a v.v... | ||
| 653 | |a Toán học | ||
| 942 | |2 ddc |c STK0 | ||
| 999 | |c 6967 |d 6967 | ||
| 952 | |0 0 |1 0 |2 ddc |4 0 |6 515_076000000000000_D406M |7 0 |8 500 |9 64745 |a qbu |b qbu |c D3 |d 2015-01-26 |g 41000 |o 515.076 D406M |p 6827.c1 |r 0000-00-00 |w 2015-01-26 |y STK0 | ||
| 952 | |0 0 |1 0 |2 ddc |4 0 |6 515_076000000000000_D406M |7 0 |8 500 |9 64746 |a qbu |b qbu |c D3 |d 2015-01-26 |g 41000 |o 515.076 D406M |p 6827.c2 |r 0000-00-00 |w 2015-01-26 |y STK0 | ||
| 952 | |0 0 |1 0 |2 ddc |4 0 |6 515_076000000000000_D406M |7 0 |8 500 |9 64747 |a qbu |b qbu |c D3 |d 2015-01-26 |g 41000 |o 515.076 D406M |p 6827.c3 |r 0000-00-00 |w 2015-01-26 |y STK0 | ||
| 952 | |0 0 |1 0 |2 ddc |4 0 |6 515_076000000000000_D406M |7 0 |8 500 |9 64748 |a qbu |b qbu |c D3 |d 2015-01-26 |g 41000 |o 515.076 D406M |p 6827.c4 |r 0000-00-00 |w 2015-01-26 |y STK0 | ||
| 952 | |0 0 |1 0 |2 ddc |4 0 |6 515_076000000000000_D406M |7 0 |8 500 |9 107579 |a qbu |b qbu |c D3 |d 2016-06-15 |g 41000 |o 515.076 D406M |p 6827.c5 |r 0000-00-00 |w 2016-06-15 |y STK0 | ||